FIFA World Cup winners - Statistics

General Stats
  • This quiz has been taken 30 times
  • The average score is 16 of 22
Answer Stats
Year Host Answer % Correct
2022 Qatar Argentina
94%
2018 Russia France
83%
1998 France France
83%
2014 Brazil Germany
83%
2006 Germany Italy
83%
2010 South Africa Spain
83%
1930 Uruguay Uruguay
83%
2002 Japan & South Korea Brazil
78%
1994 United States Brazil
78%
1966 England England
78%
1986 Mexico Argentina
72%
1970 Mexico Brazil
72%
1938 France Italy
72%
1934 Italy Italy
72%
1978 Argentina Argentina
67%
1958 Sweden Brazil
67%
1982 Spain Italy
67%
1950 Brazil Uruguay
67%
1974 West Germany West Germany
67%
1962 Chile Brazil
61%
1954 Switzerland West Germany
61%
1990 Italy West Germany
56%
No matching quizzes found
Score Distribution
Percent of People with Each Score
Percentile by Number Answered
Your Score History
You have not taken this quiz